000 00530nam a2200181 a 4500
001 000042553
005 20201002040230.0
008 140127s2006 sp 000 0 spa d
020 _a8466368302
040 _aDO-SdBNP
_bspa
_cBNPHU
082 _axxx
_bM753R
100 1 _aReig, Rafael,
_d1963-
_969799
245 1 0 _aAutobiografía de Marilyn Monroe /
_cRafael Reig.
260 _aMadrid :
_bPunto de Lectura,
_c2006.
300 _a152 p. ;
_c22 cm.
490 1 _aLengua de trapo
_v118/ 1
830 0 _aLengua de trapo
_n118/ 1
_969800
999 _c42042
_d42042